000 01235nam a22003737a 4500
003 CHAP
005 20220329134034.0
008 971013s1977 r 00010 d
010 _a14490
011 _a15462
035 _a19538
040 _cCHAP
090 _aFolleto 3580
100 0 0 _aHernández Márquez, Fermín.
_954351
245 _aEvaluación de variedades de algodonero en Sonora, 1974, 1975, 1976
260 _aCd. Obregón, Son. :
_bCIANO,
_c1977
300 _a9 p.
_b: apénd.
490 _aPublicación especial
_v; 12
590 _aBATCH-UPD
_b10
_c20130110
_lUCH01
_h1121
590 _aBATCH-UPD
_b10
_c20130410
_lUCH01
_h0711
590 _aBATCH-UPD
_b10
_c20130914
_lUCH01
_h0105
590 _aBATCH-UPD
_b10
_c20130914
_lUCH01
_h1713
590 _aCONVERSION
_b10
_c20130109
_lUCH01
_h1309
650 1 4 _aAlgodon
_xCalidad.
_93984
650 1 4 _aAlgodón
_xRendimiento.
_94053
650 1 4 _aAlgodon
_xSonora.
_94060
650 1 4 _aAlgodon
_xVariedades.
_94068
700 0 _aCano Ríos, Pedro.
_918428
830 0 _aPublicación especial
_v; 12
_992760
901 _aBK
942 _cFOLL
949 _aFolleto 3580
_bBC
_cFOLL
_d-45515
_eTS1
_i19538
_mD
_si
949 _aFolleto 3580
_bBC
_cFOLL
_d-45517
_eTS2
_fc.2
_i19538
_mD
_si
999 _c14490
_d14490